|
|
|
|
| LEADER |
01263cam a2200421 i 4500 |
| 001 |
000046396 |
| 003 |
5860 |
| 005 |
20030217153248.0 |
| 008 |
010220|1999 vm 000 eng |
| 020 |
|
|
|a 0074705903
|
| 040 |
|
|
|a IRC
|c IRC
|d IRC
|
| 041 |
0 |
|
|a eng
|
| 082 |
1 |
4 |
|a 658.83420994
|b NE-C
|
| 100 |
1 |
|
|a Neal, Cathy.
|
| 245 |
0 |
0 |
|a Consumer behaviour :
|b implications for marketing strategy /
|c Cathy Neal.
|
| 250 |
|
|
|a 2nd edition.
|
| 260 |
|
|
|a Sydney; New York :
|b Irwin/McGraw-Hill,
|c 1999.
|
| 300 |
|
|
|a xiv, 1v. (various pagings) :
|b ill.
|
| 630 |
0 |
4 |
|a Consumer.
|
| 630 |
0 |
4 |
|a Market.
|
| 650 |
0 |
4 |
|a Consumer behaviour
|z Australia.
|
| 650 |
0 |
4 |
|a Market surveys
|z Australia.
|
| 650 |
0 |
4 |
|a Consumer behaviour
|z Australia
|x Case studies.
|
| 650 |
0 |
4 |
|a Market surveys
|z Australia
|x Case studies.
|
| 650 |
0 |
4 |
|a Consumer behaviour
|z New Zealand.
|
| 650 |
0 |
4 |
|a Market surveys
|z New Zealand.
|
| 650 |
0 |
4 |
|a Consumer behaviour
|z New Zealand
|x Case studies.
|
| 650 |
0 |
4 |
|a Market surveys
|z New Zealand
|x Case studies.
|
| OWN |
|
|
|a DUT
|
| 999 |
|
|
|a From the UDN01
|
| TYP |
|
|
|a Monograph
|
| TYP |
|
|
|a Printed language
|
| 980 |
|
|
|a Mạng thư viện Đại học Đà Nẵng
|